[Event "ODJM B 2024"]
[Site "Willingen GER"]
[Date "2024.05.22"]
[Round "6"]
[White "Schönherr, Stijn"]
[Black "Schedel, Loris"]
[Result "0-1"]
[Termination "normal"]
[Board "1"]
[WhiteElo "1601"]
[BlackElo "1819"]
[WhiteClock "00:41:04"]
[BlackClock "00:21:49"]
[PlyCount "58"]
[WhiteFideId "34611622"]
[BlackFideId "16255542"]
[EventCountry "GER"]
[EventRounds "9"]
[EventType "swiss"]
[EventDate "2024.05.18"]

1. e4 {[%clk 01:30:57]} {[%emt 00:00:02]} e5 {[%clk 01:30:55]} {[%emt
00:00:06]} 2. Nf3 {[%clk 01:31:20]} {[%emt 00:00:06]} Nc6 {[%clk 01:29:09]}
{[%emt 00:02:17]} 3. Nc3 {[%clk 01:31:43]} {[%emt 00:00:07]} Bc5 {[%clk
01:28:30]} {[%emt 00:01:08]} 4. Nxe5 {[%clk 01:25:43]} {[%emt 00:06:30]} Nxe5
{[%clk 01:28:52]} {[%emt 00:00:09]} 5. d4 {[%clk 01:26:12]} {[%emt 00:00:01]}
Bd6 {[%clk 01:28:51]} {[%emt 00:00:31]} 6. dxe5 {[%clk 01:26:32]} {[%emt
00:00:10]} Bxe5 {[%clk 01:29:09]} {[%emt 00:00:11]} 7. Bc4 {[%clk 01:25:46]}
{[%emt 00:01:17]} d6 {[%clk 01:26:31]} {[%emt 00:03:07]} 8. O-O {[%clk
01:14:48]} {[%emt 00:11:29]} Ne7 {[%clk 01:10:36]} {[%emt 00:16:24]} 9. Bg5
{[%clk 01:13:39]} {[%emt 00:01:39]} h6 {[%clk 01:00:44]} {[%emt 00:10:22]} 10.
Bh4 {[%clk 01:13:00]} {[%emt 00:01:09]} Bxc3 {[%clk 00:56:45]} {[%emt
00:04:29]} 11. bxc3 {[%clk 01:12:45]} {[%emt 00:00:46]} Qd7 {[%clk 00:54:29]}
{[%emt 00:02:46]} 12. Qh5 {[%clk 01:05:50]} {[%emt 00:07:24]} Ng6 {[%clk
00:51:43]} {[%emt 00:03:17]} 13. h3 {[%clk 01:05:23]} {[%emt 00:00:57]} Nxh4
{[%clk 00:47:40]} {[%emt 00:04:33]} 14. Qxh4 {[%clk 01:05:24]} {[%emt
00:00:28]} Qe7 {[%clk 00:47:50]} {[%emt 00:00:21]} 15. Qg3 {[%clk 01:03:47]}
{[%emt 00:02:06]} O-O {[%clk 00:46:05]} {[%emt 00:02:16]} 16. Rfe1 {[%clk
01:00:25]} {[%emt 00:03:51]} Be6 {[%clk 00:44:19]} {[%emt 00:02:16]} 17. Bxe6
{[%clk 01:00:25]} {[%emt 00:00:31]} fxe6 {[%clk 00:44:21]} {[%emt 00:00:27]}
18. Rab1 {[%clk 01:00:32]} {[%emt 00:00:23]} b6 {[%emt 00:01:32]} 19. e5 {[%clk
01:00:35]} {[%emt 00:00:24]} d5 {[%clk 00:42:45]} {[%emt 00:01:08]} 20. Rb4
{[%clk 00:56:53]} {[%emt 00:04:12]} Rf5 {[%clk 00:40:13]} {[%emt 00:03:01]} 21.
h4 {[%clk 00:55:49]} {[%emt 00:01:34]} Raf8 {[%clk 00:38:40]} {[%emt 00:02:04]}
22. f3 {[%clk 00:53:54]} {[%emt 00:02:25]} Qc5+ {[%clk 00:37:45]} {[%emt
00:01:24]} 23. Kh1 {[%clk 00:54:14]} {[%emt 00:00:09]} Qxc3 {[%clk 00:36:19]}
{[%emt 00:01:57]} 24. Rg4 {[%clk 00:54:32]} {[%emt 00:00:12]} R5f7 {[%clk
00:29:58]} {[%emt 00:06:52]} 25. Rg6 {[%clk 00:49:29]} {[%emt 00:05:32]} Qxc2
{[%clk 00:27:08]} {[%emt 00:03:21]} 26. Rxe6 {[%clk 00:49:04]} {[%emt
00:00:54]} d4 {[%clk 00:26:43]} {[%emt 00:00:55]} 27. Qg6 {[%clk 00:42:58]}
{[%emt 00:06:33]} d3 {[%clk 00:22:40]} {[%emt 00:04:36]} 28. Rg1 {[%clk
00:42:31]} {[%emt 00:00:58]} Qf2 {[%clk 00:22:35]} {[%emt 00:00:35]} 29. Qg4
{[%clk 00:41:04]} {[%emt 00:01:53]} Rf4 {[%clk 00:21:49]} {[%emt 00:01:19]} 0-1

[Event "ODJM B 2024"]
[Site "Willingen GER"]
[Date "2024.05.22"]
[Round "6"]
[White "Ye, Philipp"]
[Black "Langer, Paul Georg"]
[Result "1/2-1/2"]
[Termination "normal"]
[Board "2"]
[WhiteElo "1870"]
[BlackElo "1882"]
[WhiteClock "00:43:08"]
[BlackClock "00:05:05"]
[PlyCount "52"]
[WhiteFideId "34646787"]
[BlackFideId "16230051"]
[EventCountry "GER"]
[EventRounds "9"]
[EventType "swiss"]
[EventDate "2024.05.18"]

1. d4 {[%clk 01:30:53]} {[%emt 00:00:07]} Nf6 {[%clk 01:30:50]} {[%emt
00:00:11]} 2. Bf4 {[%clk 01:30:38]} {[%emt 00:00:45]} c5 {[%clk 01:30:32]}
{[%emt 00:00:48]} 3. e3 {[%clk 01:30:48]} {[%emt 00:00:20]} e6 {[%clk
01:30:53]} {[%emt 00:00:09]} 4. Nf3 {[%clk 01:30:47]} {[%emt 00:00:30]} a6
{[%clk 01:30:56]} {[%emt 00:00:28]} 5. a4 {[%clk 01:27:24]} {[%emt 00:03:52]}
b6 {[%clk 01:27:45]} {[%emt 00:03:42]} 6. h3 {[%clk 01:24:42]} {[%emt
00:03:12]} d5 {[%clk 01:26:00]} {[%emt 00:02:15]} 7. Nbd2 {[%clk 01:20:46]}
{[%emt 00:04:26]} Nbd7 {[%clk 01:24:13]} {[%emt 00:02:17]} 8. c3 {[%clk
01:20:31]} {[%emt 00:00:45]} Bb7 {[%clk 01:22:13]} {[%emt 00:02:30]} 9. Bd3
{[%clk 01:18:43]} {[%emt 00:02:17]} cxd4 {[%clk 01:17:02]} {[%emt 00:05:42]}
10. exd4 {[%clk 01:18:23]} {[%emt 00:00:50]} Be7 {[%clk 01:15:24]} {[%emt
00:02:08]} 11. O-O {[%emt 00:03:44]} O-O {[%clk 01:14:14]} {[%emt 00:00:01]}
12. Qe2 {[%clk 01:16:11]} {[%emt 00:01:06]} Ne8 {[%clk 01:07:43]} {[%emt
00:07:02]} 13. Ne5 {[%clk 01:14:29]} {[%emt 00:02:11]} Nd6 {[%clk 00:55:23]}
{[%emt 00:12:52]} 14. Rfe1 {[%clk 01:06:37]} {[%emt 00:08:20]} Nf6 {[%clk
00:52:41]} {[%emt 00:03:13]} 15. Bg5 {[%clk 00:59:38]} {[%emt 00:07:28]} Nd7
{[%clk 00:34:19]} {[%emt 00:18:53]} 16. Nxd7 {[%clk 00:55:39]} {[%emt
00:04:28]} Qxd7 {[%clk 00:34:19]} {[%emt 00:00:31]} 17. Bf4 {[%clk 00:55:29]}
{[%emt 00:00:40]} Bc6 {[%clk 00:21:07]} {[%emt 00:13:43]} 18. a5 {[%clk
00:53:10]} {[%emt 00:02:48]} bxa5 {[%clk 00:17:59]} {[%emt 00:03:38]} 19. Bxd6
{[%clk 00:51:56]} {[%emt 00:01:43]} Bxd6 {[%clk 00:15:56]} {[%emt 00:02:33]}
20. Rxa5 {[%clk 00:52:08]} {[%emt 00:00:19]} Rfb8 {[%clk 00:15:55]} {[%emt
00:00:31]} 21. b4 {[%clk 00:49:09]} {[%emt 00:03:29]} Bb5 {[%clk 00:09:11]}
{[%emt 00:07:15]} 22. Rea1 {[%clk 00:48:37]} {[%emt 00:01:01]} Qc6 {[%clk
00:07:06]} {[%emt 00:02:35]} 23. Bxb5 {[%clk 00:48:49]} {[%emt 00:00:17]} Rxb5
{[%clk 00:06:51]} {[%emt 00:00:45]} 24. Qd3 {[%clk 00:46:02]} {[%emt 00:03:18]}
Rxa5 {[%clk 00:06:52]} {[%emt 00:00:29]} 25. Rxa5 {[%clk 00:46:11]} {[%emt
00:00:20]} Bc7 {[%clk 00:06:05]} {[%emt 00:01:17]} 26. Ra1 {[%clk 00:43:08]}
{[%emt 00:03:33]} a5 {[%clk 00:05:05]} {[%emt 00:01:30]} 1/2-1/2

[Event "ODJM B 2024"]
[Site "Willingen GER"]
[Date "2024.05.22"]
[Round "6"]
[White "John, Niklas"]
[Black "Menke, Raphael Wilhelm"]
[Result "1-0"]
[Termination "normal"]
[Board "3"]
[WhiteElo "1797"]
[BlackElo "1776"]
[WhiteClock "00:05:10"]
[BlackClock "00:11:19"]
[PlyCount "97"]
[WhiteFideId "16234626"]
[BlackFideId "34621008"]
[EventCountry "GER"]
[EventRounds "9"]
[EventType "swiss"]
[EventDate "2024.05.18"]

1. e4 {[%clk 01:30:55]} {[%emt 00:00:04]} e5 {[%clk 01:30:52]} {[%emt
00:00:09]} 2. Nf3 {[%clk 01:31:16]} {[%emt 00:00:09]} Nc6 {[%clk 01:31:14]}
{[%emt 00:00:08]} 3. Bc4 {[%clk 01:31:34]} {[%emt 00:00:11]} Nf6 {[%clk
01:31:18]} {[%emt 00:00:26]} 4. d3 {[%clk 01:31:44]} {[%emt 00:00:21]} d5
{[%clk 01:29:24]} {[%emt 00:02:24]} 5. exd5 {[%clk 01:31:04]} {[%emt 00:01:09]}
Nxd5 {[%clk 01:28:31]} {[%emt 00:01:23]} 6. O-O {[%clk 01:29:41]} {[%emt
00:01:54]} Bc5 {[%clk 01:26:34]} {[%emt 00:02:27]} 7. Re1 {[%clk 01:25:52]}
{[%emt 00:04:19]} O-O {[%clk 01:23:59]} {[%emt 00:03:04]} 8. Nbd2 {[%clk
01:12:55]} {[%emt 00:13:28]} Bg4 {[%clk 01:22:31]} {[%emt 00:01:57]} 9. Ne4
{[%clk 01:11:33]} {[%emt 00:01:52]} Be7 {[%clk 01:21:33]} {[%emt 00:01:29]} 10.
c3 {[%clk 01:04:24]} {[%emt 00:07:40]} Nb6 {[%clk 01:17:35]} {[%emt 00:04:27]}
11. Bb3 {[%clk 01:04:18]} {[%emt 00:00:36]} h6 {[%clk 01:14:41]} {[%emt
00:03:24]} 12. Ng3 {[%clk 01:02:01]} {[%emt 00:02:48]} Bd6 {[%clk 01:08:09]}
{[%emt 00:07:01]} 13. h3 {[%clk 00:58:38]} {[%emt 00:03:54]} Bd7 {[%clk
01:07:50]} {[%emt 00:00:49]} 14. Qe2 {[%clk 00:53:32]} {[%emt 00:05:35]} Kh8
{[%clk 01:00:31]} {[%emt 00:07:48]} 15. Bd2 {[%clk 00:37:45]} {[%emt 00:16:17]}
f5 {[%clk 00:47:30]} {[%emt 00:13:32]} 16. Rad1 {[%clk 00:36:34]} {[%emt
00:01:41]} Qf6 {[%clk 00:41:11]} {[%emt 00:06:49]} 17. Bc1 {[%clk 00:32:51]}
{[%emt 00:04:13]} Rae8 {[%clk 00:38:25]} {[%emt 00:03:16]} 18. Qc2 {[%clk
00:31:15]} {[%emt 00:02:05]} a5 {[%clk 00:34:51]} {[%emt 00:04:06]} 19. a3
{[%clk 00:31:05]} {[%emt 00:00:40]} Nb8 {[%clk 00:32:28]} {[%emt 00:02:52]} 20.
Ba2 {[%clk 00:29:01]} {[%emt 00:02:34]} Bc6 {[%clk 00:31:43]} {[%emt 00:01:15]}
21. Nd2 {[%clk 00:28:00]} {[%emt 00:01:30]} N8d7 {[%clk 00:28:43]} {[%emt
00:03:30]} 22. Nb3 {[%clk 00:27:38]} {[%emt 00:00:53]} a4 {[%clk 00:18:54]}
{[%emt 00:10:19]} 23. Na5 {[%clk 00:27:02]} {[%emt 00:01:06]} f4 {[%clk
00:18:25]} {[%emt 00:01:00]} 24. Ne4 {[%clk 00:25:28]} {[%emt 00:02:03]} Bxe4
{[%clk 00:18:36]} {[%emt 00:00:18]} 25. dxe4 {[%clk 00:24:48]} {[%emt
00:01:11]} f3 {[%clk 00:17:08]} {[%emt 00:01:58]} 26. g3 {[%clk 00:24:50]}
{[%emt 00:00:28]} Rb8 {[%clk 00:14:24]} {[%emt 00:03:14]} 27. Be3 {[%clk
00:23:58]} {[%emt 00:01:21]} Qg6 {[%clk 00:12:57]} {[%emt 00:01:57]} 28. Nc4
{[%clk 00:16:51]} {[%emt 00:07:37]} Nxc4 {[%clk 00:11:53]} {[%emt 00:01:34]}
29. Bxc4 {[%clk 00:17:16]} {[%emt 00:00:05]} Nf6 {[%clk 00:11:27]} {[%emt
00:00:56]} 30. Kh2 {[%clk 00:13:48]} {[%emt 00:03:58]} Qh5 {[%clk 00:08:25]}
{[%emt 00:03:32]} 31. Bf1 {[%clk 00:04:52]} {[%emt 00:09:27]} Ra8 {[%clk
00:06:32]} {[%emt 00:02:21]} 32. Kg1 {[%clk 00:04:19]} {[%emt 00:01:04]} Qg6
{[%clk 00:04:20]} {[%emt 00:02:42]} 33. Bd3 {[%clk 00:03:39]} {[%emt 00:01:10]}
Nh5 {[%clk 00:03:09]} {[%emt 00:01:42]} 34. Kh2 {[%clk 00:03:31]} {[%emt
00:00:38]} Nf4 {[%clk 00:02:58]} {[%emt 00:00:40]} 35. Bf1 {[%clk 00:03:39]}
{[%emt 00:00:22]} Nh5 {[%clk 00:02:32]} {[%emt 00:00:55]} 36. h4 {[%clk
00:01:07]} {[%emt 00:03:03]} Rf6 {[%clk 00:01:02]} {[%emt 00:02:00]} 37. Bh3
{[%clk 00:01:14]} {[%emt 00:00:23]} Raf8 {[%clk 00:01:02]} {[%emt 00:00:31]}
38. Rg1 {[%clk 00:01:13]} {[%emt 00:00:30]} R6f7 {[%clk 00:00:51]} {[%emt
00:00:42]} 39. Qxa4 {[%clk 00:00:53]} {[%emt 00:00:50]} Nf6 {[%clk 00:01:11]}
{[%emt 00:00:10]} 40. Bf5 {[%clk 00:00:40]} {[%emt 00:00:43]} Ng4+ {[%clk
00:00:46]} {[%emt 00:00:55]} 41. Kh3 {[%clk 00:27:20]} {[%emt 00:03:50]} Nxf2+
{[%clk 00:25:38]} {[%emt 00:05:37]} 42. Bxf2 {[%clk 00:26:44]} {[%emt
00:01:06]} Qf6 {[%clk 00:25:52]} {[%emt 00:00:15]} 43. h5 {[%clk 00:16:23]}
{[%emt 00:10:52]} Qg5 {[%clk 00:24:10]} {[%emt 00:02:13]} 44. g4 {[%clk
00:11:50]} {[%emt 00:05:03]} Qf4 {[%clk 00:19:49]} {[%emt 00:04:50]} 45. Qc2
{[%clk 00:08:37]} {[%emt 00:03:44]} Qg5 {[%clk 00:13:24]} {[%emt 00:06:55]} 46.
Qd2 {[%clk 00:08:22]} {[%emt 00:00:44]} Rxf5 {[%clk 00:11:01]} {[%emt
00:02:53]} 47. exf5 {[%clk 00:06:31]} {[%emt 00:02:21]} Qf6 {[%clk 00:11:27]}
{[%emt 00:00:05]} 48. Bh4 {[%clk 00:05:55]} {[%emt 00:01:06]} Qf7 {[%clk
00:11:19]} {[%emt 00:00:37]} 49. Qe3 {[%clk 00:05:10]} {[%emt 00:01:14]} 1-0

[Event "ODJM B 2024"]
[Site "Willingen GER"]
[Date "2024.05.22"]
[Round "6"]
[White "Walter, Richard"]
[Black "Lampe, Finn"]
[Result "1/2-1/2"]
[Termination "normal"]
[Board "4"]
[WhiteElo "1719"]
[BlackElo "1688"]
[WhiteClock "00:54:07"]
[BlackClock "00:30:04"]
[PlyCount "87"]
[WhiteFideId "34620028"]
[BlackFideId "34683437"]
[EventCountry "GER"]
[EventRounds "9"]
[EventType "swiss"]
[EventDate "2024.05.18"]

1. d4 {[%clk 01:30:58]} {[%emt 00:00:01]} Nf6 {[%clk 01:30:55]} {[%emt
00:00:05]} 2. Nf3 {[%clk 01:31:24]} {[%emt 00:00:04]} e6 {[%clk 01:31:09]}
{[%emt 00:00:16]} 3. g3 {[%clk 01:31:50]} {[%emt 00:00:05]} d5 {[%clk
01:31:32]} {[%emt 00:00:07]} 4. Bg2 {[%clk 01:32:16]} {[%emt 00:00:04]} Be7
{[%clk 01:31:52]} {[%emt 00:00:09]} 5. O-O {[%clk 01:32:41]} {[%emt 00:00:06]}
O-O {[%clk 01:32:13]} {[%emt 00:00:09]} 6. c4 {[%clk 01:33:08]} {[%emt
00:00:03]} c6 {[%clk 01:31:44]} {[%emt 00:00:59]} 7. Qc2 {[%clk 01:33:22]}
{[%emt 00:00:15]} h6 {[%clk 01:31:55]} {[%emt 00:00:20]} 8. Nbd2 {[%clk
01:33:36]} {[%emt 00:00:17]} Nbd7 {[%clk 01:31:47]} {[%emt 00:00:37]} 9. e4
{[%clk 01:32:49]} {[%emt 00:01:16]} dxe4 {[%clk 01:30:32]} {[%emt 00:01:45]}
10. Nxe4 {[%clk 01:33:11]} {[%emt 00:00:08]} Nxe4 {[%clk 01:19:20]} {[%emt
00:11:42]} 11. Qxe4 {[%clk 01:33:34]} {[%emt 00:00:07]} Nf6 {[%clk 01:10:49]}
{[%emt 00:09:02]} 12. Qc2 {[%clk 01:33:47]} {[%emt 00:00:17]} Bd7 {[%clk
01:10:27]} {[%emt 00:00:52]} 13. b3 {[%clk 01:32:21]} {[%emt 00:01:57]} Rc8
{[%clk 01:07:30]} {[%emt 00:03:26]} 14. Bb2 {[%clk 01:32:10]} {[%emt 00:00:41]}
Qc7 {[%clk 01:05:28]} {[%emt 00:02:32]} 15. Ne5 {[%clk 01:25:39]} {[%emt
00:07:01]} Rfd8 {[%clk 01:04:10]} {[%emt 00:01:48]} 16. Rfe1 {[%clk 01:25:04]}
{[%emt 00:01:05]} Be8 {[%clk 00:57:22]} {[%emt 00:07:17]} 17. Bh3 {[%clk
01:24:08]} {[%emt 00:01:27]} Ra8 {[%clk 00:47:18]} {[%emt 00:10:34]} 18. a3
{[%clk 01:18:49]} {[%emt 00:05:49]} c5 {[%clk 00:44:55]} {[%emt 00:02:53]} 19.
dxc5 {[%clk 01:18:38]} {[%emt 00:00:40]} Bxc5 {[%clk 00:44:33]} {[%emt
00:00:52]} 20. b4 {[%clk 01:18:28]} {[%emt 00:00:41]} Bd4 {[%clk 00:44:09]}
{[%emt 00:00:52]} 21. Rac1 {[%clk 01:13:04]} {[%emt 00:05:56]} Qe7 {[%clk
00:35:08]} {[%emt 00:09:30]} 22. Bxd4 {[%clk 01:12:19]} {[%emt 00:01:16]} Rxd4
{[%clk 00:34:33]} {[%emt 00:01:05]} 23. Nf3 {[%clk 01:12:44]} {[%emt 00:00:04]}
Rd6 {[%clk 00:33:00]} {[%emt 00:01:57]} 24. c5 {[%clk 01:12:07]} {[%emt
00:01:13]} Rd5 {[%clk 00:31:57]} {[%emt 00:01:32]} 25. Ne5 {[%clk 01:08:46]}
{[%emt 00:03:52]} Nd7 {[%clk 00:23:20]} {[%emt 00:09:07]} 26. Nc4 {[%clk
01:08:13]} {[%emt 00:01:03]} Nf6 {[%clk 00:17:48]} {[%emt 00:06:03]} 27. Nd6
{[%clk 01:07:50]} {[%emt 00:00:52]} Rb8 {[%clk 00:12:48]} {[%emt 00:05:31]} 28.
Bg2 {[%clk 01:08:09]} {[%emt 00:00:10]} Rh5 {[%clk 00:07:32]} {[%emt 00:05:46]}
29. f4 {[%clk 01:04:08]} {[%emt 00:04:31]} Bc6 {[%clk 00:06:47]} {[%emt
00:01:15]} 30. Bxc6 {[%clk 00:57:37]} {[%emt 00:07:01]} bxc6 {[%clk 00:07:15]}
{[%emt 00:00:02]} 31. f5 {[%clk 00:57:35]} {[%emt 00:00:31]} e5 {[%clk
00:05:51]} {[%emt 00:01:55]} 32. Qa4 {[%clk 00:57:35]} {[%emt 00:00:30]} Ng4
{[%clk 00:03:54]} {[%emt 00:02:27]} 33. Qd1 {[%clk 00:57:24]} {[%emt 00:00:42]}
Nf6 {[%clk 00:02:45]} {[%emt 00:01:38]} 34. Ne4 {[%clk 00:57:44]} {[%emt
00:00:10]} Rxf5 {[%clk 00:02:39]} {[%emt 00:00:36]} 35. Qd6 {[%clk 00:56:52]}
{[%emt 00:01:22]} Qe8 {[%clk 00:01:34]} {[%emt 00:01:35]} 36. Nxf6+ {[%clk
00:55:35]} {[%emt 00:01:47]} gxf6 {[%clk 00:02:04]} 37. Rcd1 {[%clk 00:54:54]}
{[%emt 00:01:12]} Rb7 {[%clk 00:01:19]} {[%emt 00:01:15]} 38. Rf1 {[%clk
00:55:06]} {[%emt 00:00:17]} Qe6 {[%clk 00:01:00]} {[%emt 00:00:49]} 39. Qxe6
{[%clk 00:54:26]} {[%emt 00:01:10]} fxe6 {[%clk 00:01:29]} {[%emt 00:00:02]}
40. Rxf5 {[%clk 00:54:45]} {[%emt 00:00:10]} exf5 {[%clk 00:01:48]} {[%emt
00:00:11]} 41. Rd8+ {[%clk 00:55:10]} {[%emt 00:00:04]} Kf7 {[%clk 00:01:41]}
{[%emt 00:00:36]} 42. Rc8 {[%clk 00:55:35]} {[%emt 00:00:07]} a5 {[%clk
00:01:10]} {[%emt 00:01:01]} 43. Rxc6 {[%clk 00:54:07]} {[%emt 00:01:58]} axb4
{[%clk 00:30:04]} {[%emt 00:01:36]} 44. Rb6 {[%emt 00:02:06]} 1/2-1/2

[Event "ODJM B 2024"]
[Site "Willingen GER"]
[Date "2024.05.22"]
[Round "6"]
[White "Beckmann, Jonathan"]
[Black "Borgert, Alexander"]
[Result "1-0"]
[Termination "normal"]
[Board "5"]
[WhiteElo "1827"]
[BlackElo "1683"]
[WhiteClock "00:05:29"]
[BlackClock "01:00:24"]
[PlyCount "93"]
[WhiteFideId "34672591"]
[BlackFideId "16289188"]
[EventCountry "GER"]
[EventRounds "9"]
[EventType "swiss"]
[EventDate "2024.05.18"]

1. d4 {[%clk 01:30:56]} {[%emt 00:00:04]} d5 {[%clk 01:30:54]} {[%emt
00:00:07]} 2. c4 {[%clk 01:31:21]} {[%emt 00:00:04]} e6 {[%clk 01:31:17]}
{[%emt 00:00:07]} 3. Nc3 {[%clk 01:31:46]} {[%emt 00:00:04]} Nf6 {[%clk
01:31:41]} {[%emt 00:00:07]} 4. cxd5 {[%clk 01:32:12]} {[%emt 00:00:05]} exd5
{[%clk 01:32:03]} {[%emt 00:00:08]} 5. Bg5 {[%clk 01:32:36]} {[%emt 00:00:05]}
Nbd7 {[%clk 01:32:19]} {[%emt 00:00:13]} 6. e3 {[%clk 01:32:58]} {[%emt
00:00:09]} c6 {[%clk 01:32:39]} {[%emt 00:00:11]} 7. Bd3 {[%clk 01:33:20]}
{[%emt 00:00:08]} Bd6 {[%clk 01:32:40]} {[%emt 00:00:28]} 8. Nge2 {[%clk
01:31:14]} {[%emt 00:02:37]} O-O {[%emt 00:14:24]} 9. Bf4 {[%clk 01:24:38]}
{[%emt 00:02:03]} Bxf4 {[%clk 01:21:51]} {[%emt 00:02:27]} 10. Nxf4 {[%clk
01:25:02]} {[%emt 00:00:06]} Re8 {[%clk 01:21:52]} {[%emt 00:00:29]} 11. O-O
{[%clk 01:25:09]} {[%emt 00:00:24]} Nb6 {[%clk 01:20:01]} {[%emt 00:02:20]} 12.
Qc2 {[%clk 01:21:24]} {[%emt 00:04:16]} h6 {[%clk 01:16:45]} {[%emt 00:03:45]}
13. b4 {[%clk 01:12:00]} {[%emt 00:09:54]} a5 {[%clk 01:11:54]} {[%emt
00:05:21]} 14. b5 {[%clk 01:06:30]} {[%emt 00:06:00]} Bd7 {[%clk 01:08:16]}
{[%emt 00:04:09]} 15. Rab1 {[%clk 01:00:56]} {[%emt 00:06:04]} cxb5 {[%clk
01:07:11]} {[%emt 00:01:35]} 16. Nxb5 {[%clk 00:57:35]} {[%emt 00:03:51]} Bxb5
{[%clk 01:06:16]} {[%emt 00:01:25]} 17. Rxb5 {[%clk 00:56:34]} {[%emt
00:01:31]} Re7 {[%clk 01:02:57]} {[%emt 00:03:48]} 18. Rfb1 {[%clk 00:53:12]}
{[%emt 00:03:52]} Rc8 {[%clk 00:59:22]} {[%emt 00:04:05]} 19. Qb3 {[%clk
00:51:01]} {[%emt 00:02:40]} Nc4 {[%clk 00:59:21]} {[%emt 00:00:31]} 20. Bxc4
{[%clk 00:49:59]} {[%emt 00:01:33]} dxc4 {[%clk 00:59:42]} {[%emt 00:00:10]}
21. Qa4 {[%clk 00:49:56]} {[%emt 00:00:32]} Ne4 {[%clk 00:58:38]} {[%emt
00:01:34]} 22. Qxa5 {[%clk 00:47:41]} {[%emt 00:02:45]} Qxa5 {[%clk 00:55:11]}
{[%emt 00:03:57]} 23. Rxa5 {[%clk 00:48:05]} {[%emt 00:00:06]} c3 {[%clk
00:55:36]} {[%emt 00:00:05]} 24. Rc1 {[%clk 00:47:36]} {[%emt 00:00:58]} g5
{[%clk 00:55:51]} {[%emt 00:00:16]} 25. Nd5 {[%clk 00:44:15]} {[%emt 00:03:51]}
Re6 {[%clk 00:56:10]} {[%emt 00:00:11]} 26. f3 {[%clk 00:41:54]} {[%emt
00:02:51]} Nd2 {[%clk 00:56:36]} {[%emt 00:00:04]} 27. Kf2 {[%clk 00:41:14]}
{[%emt 00:01:10]} Rcc6 {[%clk 00:56:04]} {[%emt 00:01:02]} 28. Rxc3 {[%clk
00:39:24]} {[%emt 00:02:21]} Rxc3 {[%clk 00:56:10]} {[%emt 00:00:23]} 29. Nxc3
{[%clk 00:39:48]} {[%emt 00:00:06]} Nc4 {[%clk 00:56:34]} {[%emt 00:00:06]} 30.
Ra8+ {[%clk 00:40:12]} {[%emt 00:00:06]} Kg7 {[%clk 00:56:53]} {[%emt
00:00:12]} 31. e4 {[%clk 00:40:08]} {[%emt 00:00:33]} Rb6 {[%clk 00:57:18]}
{[%emt 00:00:05]} 32. d5 {[%clk 00:24:46]} {[%emt 00:15:52]} Kf6 {[%clk
00:57:35]} {[%emt 00:00:13]} 33. Rh8 {[%clk 00:23:42]} {[%emt 00:01:35]} Kg7
{[%clk 00:57:57]} {[%emt 00:00:07]} 34. Rc8 {[%clk 00:23:52]} {[%emt 00:00:13]}
Nd6 {[%clk 00:58:05]} {[%emt 00:00:29]} 35. Rc7 {[%clk 00:23:43]} {[%emt
00:00:38]} Kf6 {[%clk 00:58:28]} {[%emt 00:00:09]} 36. Ke3 {[%clk 00:21:31]}
{[%emt 00:02:41]} Rb4 {[%clk 00:58:45]} {[%emt 00:00:13]} 37. g3 {[%clk
00:18:51]} {[%emt 00:03:10]} Kg6 {[%clk 00:59:02]} {[%emt 00:00:13]} 38. f4
{[%clk 00:17:55]} {[%emt 00:01:26]} gxf4+ {[%clk 00:59:08]} {[%emt 00:00:24]}
39. gxf4 {[%clk 00:18:19]} {[%emt 00:00:06]} f6 {[%clk 00:59:34]} {[%emt
00:00:04]} 40. Kd3 {[%clk 00:12:56]} {[%emt 00:05:51]} Rb2 {[%clk 00:59:04]}
{[%emt 00:01:02]} 41. e5 {[%clk 00:09:04]} {[%emt 00:04:21]} fxe5 {[%clk
00:59:31]} {[%emt 00:00:04]} 42. fxe5 {[%clk 00:09:25]} {[%emt 00:00:09]} Nf7
{[%clk 00:59:57]} {[%emt 00:00:05]} 43. Re7 {[%clk 00:07:22]} {[%emt 00:02:28]}
Rxh2 {[%clk 01:00:19]} {[%emt 00:00:12]} 44. d6 {[%clk 00:06:03]} {[%emt
00:01:49]} Nxe5+ {[%clk 00:59:44]} {[%emt 00:01:05]} 45. Rxe5 {[%clk 00:05:17]}
{[%emt 00:01:15]} Rf2 {[%clk 00:59:59]} {[%emt 00:00:16]} 46. d7 {[%clk
00:05:22]} {[%emt 00:00:25]} Rf8 {[%clk 01:00:24]} {[%emt 00:00:05]} 47. Re8
{[%clk 00:05:29]} {[%emt 00:00:24]} 1-0